<?xml version="1.0" encoding="UTF-8"?><?xml-stylesheet type="text/xsl" href="static/style.xsl"?><OAI-PMH xmlns="http://www.openarchives.org/OAI/2.0/" xmlns:xsi="http://www.w3.org/2001/XMLSchema-instance" xsi:schemaLocation="http://www.openarchives.org/OAI/2.0/ http://www.openarchives.org/OAI/2.0/OAI-PMH.xsd"><responseDate>2026-04-18T03:51:53Z</responseDate><request verb="GetRecord" identifier="oai:www.recercat.cat:10230/72943" metadataPrefix="marc">https://recercat.cat/oai/request</request><GetRecord><record><header><identifier>oai:recercat.cat:10230/72943</identifier><datestamp>2026-04-03T00:36:27Z</datestamp><setSpec>com_2072_6</setSpec><setSpec>col_2072_452952</setSpec></header><metadata><record xmlns="http://www.loc.gov/MARC21/slim" xmlns:dcterms="http://purl.org/dc/terms/" xmlns:xsi="http://www.w3.org/2001/XMLSchema-instance" xmlns:doc="http://www.lyncode.com/xoai" xsi:schemaLocation="http://www.loc.gov/MARC21/slim http://www.loc.gov/standards/marcxml/schema/MARC21slim.xsd">
   <leader>00925njm 22002777a 4500</leader>
   <datafield ind2=" " ind1=" " tag="042">
      <subfield code="a">dc</subfield>
   </datafield>
   <datafield ind2=" " ind1=" " tag="720">
      <subfield code="a">Matyjek, Magdalena</subfield>
      <subfield code="e">author</subfield>
   </datafield>
   <datafield ind2=" " ind1=" " tag="720">
      <subfield code="a">Kita, Sotaro</subfield>
      <subfield code="e">author</subfield>
   </datafield>
   <datafield ind2=" " ind1=" " tag="720">
      <subfield code="a">Torralba Cuello, Mireia</subfield>
      <subfield code="e">author</subfield>
   </datafield>
   <datafield ind2=" " ind1=" " tag="720">
      <subfield code="a">Soto-Faraco, Salvador, 1970-</subfield>
      <subfield code="e">author</subfield>
   </datafield>
   <datafield ind2=" " ind1=" " tag="260">
      <subfield code="c">2026-03-31T08:18:15Z</subfield>
   </datafield>
   <datafield ind2=" " ind1=" " tag="260">
      <subfield code="c">2026-03-31T08:18:15Z</subfield>
   </datafield>
   <datafield ind2=" " ind1=" " tag="260">
      <subfield code="c">2024</subfield>
   </datafield>
   <datafield ind2=" " ind1=" " tag="260">
      <subfield code="c">2026-03-31T08:18:15Z</subfield>
   </datafield>
   <datafield ind2=" " ind1=" " tag="520">
      <subfield code="a">Speech comprehension is crucial for human social interaction, relying on the integration of auditory and visual cues across various levels of representation. While research has extensively studied multisensory integration (MSI) using idealised, well-controlled stimuli, there is a need to understand this process in response to complex, naturalistic stimuli encountered in everyday life. This study investigated behavioural and neural MSI in neurotypical adults experiencing audio-visual speech within a naturalistic, social context. Our novel paradigm incorporated a broader social situational context, complete words, and speech-supporting iconic gestures, allowing for context-based pragmatics and semantic priors. We investigated MSI in the presence of unimodal (auditory or visual) or complementary, bimodal speech signals. During audio-visual speech trials, compared to unimodal trials, participants more accurately recognised spoken words and showed a more pronounced suppression of alpha power&amp;apos;an indicator of heightened integration load. Importantly, on the neural level, these effects surpassed mere summation of unimodal responses, suggesting non-linear MSI mechanisms. Overall, our findings demonstrate that typically developing adults integrate audio-visual speech and gesture information to facilitate speech comprehension in noisy environments, highlighting the importance of studying MSI in ecologically valid contexts.</subfield>
   </datafield>
   <datafield ind2=" " ind1=" " tag="520">
      <subfield code="a">This project has received funding from the European Union&amp;apos;s Horizon 2020 Research and Innovation Programme under the Marie Skłodowska-Curie grant agreement No. 945380, Agencia Estatal de Investigación grant No. PID2019-108531GB-I00 AEI/FEDER, and AGAUR Generalitat de Catalunya grant 2021 SGR 00911.</subfield>
   </datafield>
   <datafield ind1="8" ind2=" " tag="024">
      <subfield code="a">https://hdl.handle.net/10230/72943</subfield>
   </datafield>
   <datafield tag="653" ind2=" " ind1=" ">
      <subfield code="a">Audio-visual speech</subfield>
   </datafield>
   <datafield tag="653" ind2=" " ind1=" ">
      <subfield code="a">EEG</subfield>
   </datafield>
   <datafield tag="653" ind2=" " ind1=" ">
      <subfield code="a">Iconic gestures</subfield>
   </datafield>
   <datafield tag="653" ind2=" " ind1=" ">
      <subfield code="a">Multisensory integration</subfield>
   </datafield>
   <datafield ind2="0" ind1="0" tag="245">
      <subfield code="a">Multisensory integration of speech and gestures in a naturalistic paradigm</subfield>
   </datafield>
</record></metadata></record></GetRecord></OAI-PMH>